000 00713nam a2200205 a 4500
001 000013929
005 20250129172553.0
008 091202s2001 dr r 001 e spa d
040 _aDO-SdBNP
_bspa
_cBNPHU
082 _aRD864.44
_bH519e
100 1 _aHenríquez Gratereaux, Federico,
_d1937-
_92003
245 1 0 _aEmpollar huevos históricos :
_bensayos /
_cFederico Henríquez Gratereaux.
260 _aSanto Domingo :
_bAlfa y Omega,
_c2001.
300 _a217 p. ;
_c23 cm.
500 _aIncluye datos biográficos del autor en la contracubierta.
590 _aInventariado, 2019/BT
650 0 _aEnsayos dominicanos
_965
650 0 _aLiteratura dominicana.
_967
910 _aValidado. Control de calidad. EMS
999 _c13534
_d13534